000 00511nam a2200253Ia 4500
001 072945
003 YMCAF
005 20230512160820.0
008 100717s1996 ||||||||||||||||| ||und|d
020 _a-
024 _a72945
035 _a12408
040 _aYMCAF
_beng
_cIN-KoLT
041 _aeng
082 _aART-SCH
100 _aSCHALKOFF R.J.
245 0 _aARTIFICIAL NEWRAL NETWORK
250 _a-
260 _bTMH
_c1996
300 _a423
653 _a-
653 _a-
942 _2ddc
_cBK
999 _c6574
_d6574